Football - Clubs Vainqueurs du Championnat d'URSS - Statistiques

Statistiques générales
  • Ce quiz a été pris 50 fois
  • Le résultat moyen est 5 sur 14
Statistiques - réponses
# Titres Vice-champion Clubs % Correct
7 1946, 1947, 1948, 1950, 1951, 1970, 1991 4 CSKA Moscou
84%
12 1936 (a), 1938, 1939, 1952, 1953, 1956, 1958, 1962, 1969, 1979, 1987, 1989 12 Spartak Moscou
74%
13 1961, 1966, 1967, 1968, 1971, 1974, 1975, 1977, 1980, 1981, 1985, 1986, 1990 11 Dynamo Kiev
72%
11 1936 (p), 1937, 1940, 1945, 1949, 1954, 1955, 1957, 1959, 1963, 1976 (p) 11 Dynamo Moscou
67%
0 - 1 Lokomotiv Moscou
67%
2 1964, 1978 5 Dinamo Tbilissi
21%
1 1982 0 Dinamo Minsk
19%
1 1984 0 Zénith Léningrad
19%
3 1960, 1965, 1976 (a) 5 Torpedo Moscou
12%
1 1973 2 Ararat Erevan
9%
0 - 2 Chakhtior Donetsk
9%
2 1983, 1988 2 Dniepr Dniepropetrovsk
7%
1 1972 0 Zorya Vorochilovgrad
7%
0 - 1 SKA Rostov
5%
Aucun quiz correspondant
Distribution des résultats
% des personnes avec chaque résultat
Percentile par nombre de réponses
Votre historique - résultats
Vous n’avez pas pris ce quiz